000 00325 a2200157 4500
001 186654
020 _a85-86540-01-3
040 _cMagnum
100 _aQueirós, Campos Bartolomeu
240 1 0 _aRaul luar
_lpor
245 1 0 _aRaul luar
300 _a34
362 0 _a1997
697 _aLITERATURA INFANTIL
942 _cBK
999 _c186654
_d186654